[Event "UGA-chT 2122"]
[White "Abdullahi, Hassan Ali"]
[Black "Nyombi, Ibrahim Collins"]
[Site "Kampala"]
[Round "3.4"]
[Result "1-0"]
[Date "2021.11.07"]
[WhiteElo "1505"]
[BlackElo "1768"]
[PlyCount "48"]
[EventDate "2021.10.24"]
[EventType "team-swiss"]
[EventRounds "14"]
[EventCountry "UGA"]
[SourceTitle "EXT 2023"]
[Source "ChessBase"]
[SourceDate "2022.10.05"]
[SourceVersion "1"]
[SourceVersionDate "2022.10.05"]
[SourceQuality "1"]
[WhiteTeam "Mogadishu CC"]
[BlackTeam "Butikiro CC"]
[WhiteTeamCountry "UGA"]
[BlackTeamCountry "UGA"]

1. e4 e6 2. Nf3 d5 3. exd5 exd5 4. d4 Bd6 5. Bd3 Nf6 6. 0-0 0-0 7. h3 h6 8. Nc3 c6 9. Ne5 Nbd7 10. f4 Qb6 11. Kh1 c5 12. Nxd7 Bxd7 13. dxc5 Qxc5 14. Qf3 Bc6 15. Qf2 d4 16. Ne2 Qh5 17. Qg3 Qd5 18. c4 dxc3 19. Nxc3 Qd4 20. Rd1 Qb6 21. Be3 Qxb2 22. Bd4 Nh5 23. Qg4 f5 24. Ne2 Qxa1 1-0

[Event "Africa-ch U20"]
[White "Abdullahi, Hassan Ali"]
[Black "Bitarinsa, Arthur"]
[Site "Entebbe"]
[Round "2"]
[Result "1/2-1/2"]
[Date "2018.12.30"]
[WhiteElo "1492"]
[BlackElo "1742"]
[PlyCount "60"]
[EventDate "2018.12.29"]
[EventType "swiss"]
[EventRounds "9"]
[EventCountry "UGA"]
[SourceTitle "CBM 188 Extra"]
[Source "ChessBase"]
[SourceDate "2019.02.28"]
[SourceVersion "1"]
[SourceVersionDate "2019.02.28"]
[SourceQuality "1"]

1. e4 e5 2. Bc4 Bc5 3. Nf3 Nc6 4. c3 Nf6 5. d3 h6 6. 0-0 d6 7. h3 Bd7 8. a4 a6 9. b4 Ba7 10. Bb2 Ne7 11. b5 axb5 12. axb5 Ng6 13. Qb3 0-0 14. Nbd2 Nf4 15. Kh1 Be6 16. d4 Qd7 17. Bxe6 fxe6 18. dxe5 dxe5 19. c4 Nd3 20. Kg1 Nh5 21. Qc3 Ng3 22. Nxe5 Nxe5 23. Qxe5 Nxf1 24. Rxf1 Rf7 25. Nf3 Raf8 26. Ra1 Bb8 27. Qh5 c6 28. bxc6 Qxc6 29. Be5 Qxe4 30. Bxb8 Rxb8 1/2-1/2

[Event "Africa-ch U20"]
[White "Musasizi, Emmanuel"]
[Black "Abdullahi, Hassan Ali"]
[Site "Entebbe"]
[Round "1"]
[Result "1-0"]
[Date "2018.12.29"]
[WhiteElo "1918"]
[BlackElo "1492"]
[PlyCount "116"]
[EventDate "2018.12.29"]
[EventType "swiss"]
[EventRounds "9"]
[EventCountry "UGA"]
[SourceTitle "CBM 188 Extra"]
[Source "ChessBase"]
[SourceDate "2019.02.28"]
[SourceVersion "1"]
[SourceVersionDate "2019.02.28"]
[SourceQuality "1"]

1. e4 e5 2. Nf3 d6 3. Bc4 Be7 4. Nc3 Nf6 5. d3 h6 6. h3 c6 7. Bb3 0-0 8. 0-0 Be6 9. d4 Bxb3 10. axb3 Nbd7 11. Be3 a6 12. Qd2 Nh7 13. Rad1 Qc7 14. Ne2 Rad8 15. Ng3 Bf6 16. Nf5 exd4 17. Bxd4 Ne5 18. Nh2 c5 19. Bc3 c4 20. f4 Ng6 21. Ng4 Bxc3 22. Qxc3 f6 23. bxc4 Rfe8 24. Rde1 Qc6 25. Nd4 Qb6 26. Kh1 Kh8 27. f5 Ne5 28. Ne3 Qc5 29. Ne6 Rxe6 30. fxe6 Re8 31. b4 Qc8 32. Nf5 Qxe6 33. Qg3 Rg8 34. c5 dxc5 35. bxc5 Qc4 36. Nd6 Qe6 37. Qxe5 fxe5 38. Nf7+ Qxf7 39. Rxf7 Rc8 40. Rxb7 Ng5 41. h4 Ne6 42. Re7 Nxc5 43. Rxe5 Nd7 44. Re7 Nf6 45. e5 Ng4 46. Ra7 Rxc2 47. e6 Rc8 48. Rxa6 Re8 49. e7 Kg8 50. g3 Nf6 51. Kg2 Kf7 52. Ra7 Nd5 53. Kf3 Nxe7 54. Kg4 Kf6 55. Rf1+ Kg6 56. h5+ Kh7 57. Rf8 Nc8 58. Rxe8 Nxa7 1-0